<?xml version="1.0" encoding="UTF-8"?><?xml-stylesheet type="text/xsl" href="static/style.xsl"?><OAI-PMH xmlns="http://www.openarchives.org/OAI/2.0/" xmlns:xsi="http://www.w3.org/2001/XMLSchema-instance" xsi:schemaLocation="http://www.openarchives.org/OAI/2.0/ http://www.openarchives.org/OAI/2.0/OAI-PMH.xsd"><responseDate>2026-04-13T00:58:17Z</responseDate><request verb="GetRecord" identifier="oai:www.recercat.cat:10230/54473" metadataPrefix="marc">https://recercat.cat/oai/request</request><GetRecord><record><header><identifier>oai:recercat.cat:10230/54473</identifier><datestamp>2025-12-20T16:58:53Z</datestamp><setSpec>com_2072_6</setSpec><setSpec>col_2072_452952</setSpec></header><metadata><record xmlns="http://www.loc.gov/MARC21/slim" xmlns:dcterms="http://purl.org/dc/terms/" xmlns:xsi="http://www.w3.org/2001/XMLSchema-instance" xmlns:doc="http://www.lyncode.com/xoai" xsi:schemaLocation="http://www.loc.gov/MARC21/slim http://www.loc.gov/standards/marcxml/schema/MARC21slim.xsd">
   <leader>00925njm 22002777a 4500</leader>
   <datafield ind2=" " ind1=" " tag="042">
      <subfield code="a">dc</subfield>
   </datafield>
   <datafield ind2=" " ind1=" " tag="720">
      <subfield code="a">Morales, Xabier</subfield>
      <subfield code="e">author</subfield>
   </datafield>
   <datafield ind2=" " ind1=" " tag="720">
      <subfield code="a">Mill, Jordi</subfield>
      <subfield code="e">author</subfield>
   </datafield>
   <datafield ind2=" " ind1=" " tag="720">
      <subfield code="a">Simeon, Guillem</subfield>
      <subfield code="e">author</subfield>
   </datafield>
   <datafield ind2=" " ind1=" " tag="720">
      <subfield code="a">Juhl, Kristine Aavild</subfield>
      <subfield code="e">author</subfield>
   </datafield>
   <datafield ind2=" " ind1=" " tag="720">
      <subfield code="a">De Backer, Ole</subfield>
      <subfield code="e">author</subfield>
   </datafield>
   <datafield ind2=" " ind1=" " tag="720">
      <subfield code="a">Paulsen, Rasmus R.</subfield>
      <subfield code="e">author</subfield>
   </datafield>
   <datafield ind2=" " ind1=" " tag="720">
      <subfield code="a">Camara, Oscar</subfield>
      <subfield code="e">author</subfield>
   </datafield>
   <datafield ind2=" " ind1=" " tag="260">
      <subfield code="c">2022-10-18T15:21:52Z</subfield>
   </datafield>
   <datafield ind2=" " ind1=" " tag="260">
      <subfield code="c">2022-10-18T15:21:52Z</subfield>
   </datafield>
   <datafield ind2=" " ind1=" " tag="260">
      <subfield code="c">2021</subfield>
   </datafield>
   <datafield ind2=" " ind1=" " tag="520">
      <subfield code="a">Comunicació presentada a: FIMH 2021 11th International Conference, celebrada del 21 al 25 de juny de 2021 a Stanford, CA, USA.</subfield>
   </datafield>
   <datafield ind2=" " ind1=" " tag="520">
      <subfield code="a">The assessment of left atrial appendage (LAA) thrombogenesis has experienced major advances with the adoption of patient-specific&#xd;
computational fluid dynamics (CFD) simulations. Nonetheless, due to&#xd;
the vast computational resources and long execution times required by&#xd;
fluid dynamics solvers, there is an ever-growing body of work aiming to&#xd;
develop surrogate models of fluid flow simulations based on neural networks. The present study builds on this foundation by developing a deep&#xd;
learning (DL) framework capable of predicting the endothelial cell activation potential (ECAP), linked to the risk of thrombosis, solely from&#xd;
the patient-specific LAA geometry. To this end, we leveraged recent advancements in Geometric DL, which seamlessly extend the unparalleled&#xd;
potential of convolutional neural networks (CNN), to non-Euclidean data&#xd;
such as meshes. The model was trained with a dataset combining 202&#xd;
synthetic and 54 real LAA, predicting the ECAP distributions instantaneously, with an average mean absolute error of 0.563. Moreover, the&#xd;
resulting framework manages to predict the anatomical features related&#xd;
to higher ECAP values even when trained exclusively on synthetic cases.</subfield>
   </datafield>
   <datafield ind2=" " ind1=" " tag="520">
      <subfield code="a">This work was supported by the Agency for Management of University&#xd;
and Research Grants of the Generalitat de Catalunya under the the Grants for&#xd;
the Contracting of New Research Staff Programme - FI (2020 FI B 00608) and&#xd;
the Spanish Ministry of Economy and Competitiveness under the Programme&#xd;
for the Formation of Doctors (PRE2018-084062), the Maria de Maeztu Units of&#xd;
Excellence Programme (MDM-2015-0502) and the Retos Investigaci´on project&#xd;
(RTI2018-101193-B-I00). Additionally, this work was supported by the H2020&#xd;
EU SimCardioTest project (Digital transformation in Health and Care SC1-&#xd;
DTH-06-2020; grant agreement No. 101016496).</subfield>
   </datafield>
   <datafield tag="653" ind2=" " ind1=" ">
      <subfield code="a">Geometric deep learning</subfield>
   </datafield>
   <datafield tag="653" ind2=" " ind1=" ">
      <subfield code="a">Left atrial appendage</subfield>
   </datafield>
   <datafield tag="653" ind2=" " ind1=" ">
      <subfield code="a">Thrombus formation</subfield>
   </datafield>
   <datafield tag="653" ind2=" " ind1=" ">
      <subfield code="a">Computational fluid dynamic</subfield>
   </datafield>
   <datafield ind2="0" ind1="0" tag="245">
      <subfield code="a">Geometric deep learning for the assessment of thrombosis risk in the left atrial appendage</subfield>
   </datafield>
</record></metadata></record></GetRecord></OAI-PMH>